000 00307nam a22001337a 4500
008 171106b xxu||||| |||| 00| 0 eng d
020 _a9780070593541
041 _aeng
080 _23RD
_a330.722.6
100 _a62
101 _aKON
245 _aMANAGING FINANCIAL RISK
_cSMITHSON,C.W
942 _2udc
_cBK
999 _c37897
_d37897